Trò chơi thi đấu giải
Đã lưu trong:
| Hovedforfatter: | |
|---|---|
| Format: | Bog |
| Udgivet: |
H.
Thể dục thể thao
1996
|
| Fag: | |
| Tags: |
Tilføj Tag
Ingen Tags, Vær først til at tagge denne postø!
|
| Thư viện lưu trữ: | Trung tâm Học liệu Lê Vũ Hùng, Trường Đại học Đồng Tháp |
|---|
| LEADER | 00707pam a22002178a 4500 | ||
|---|---|---|---|
| 001 | 00022907 | ||
| 005 | 20171026081023.0 | ||
| 008 | 110607s1996 ||||||Viesd | ||
| 041 | 0 | # | |a Vie |
| 082 | 1 | 4 | |a 796.440 7 |b TR400CH |
| 100 | 0 | # | |a Trịnh Trung Hiếu |
| 245 | 0 | 0 | |a Trò chơi thi đấu giải |c Trịnh Trung Hiếu |
| 260 | # | # | |c 1996 |a H. |b Thể dục thể thao |
| 300 | # | # | |a 176 tr. |b hình vẽ |c 19 cm. |
| 653 | # | # | |a giáo trình |
| 653 | # | # | |a thể dục thể thao |
| 653 | # | # | |a trò chơi |
| 852 | # | # | |b Kho đọc |j KD.0009581 |
| 852 | # | # | |j KD.0009581 |j KGT.0053502 |
| 910 | |d 07/06/2011 | ||
| 980 | # | # | |a Trung tâm Học liệu Lê Vũ Hùng, Trường Đại học Đồng Tháp |